Statistics for FIFA World Cup Winners 45 Second Sprint

Click here to take the quiz!

General Stats

  • This quiz has been taken 46 times
  • The average score is 21 of 22

Answer Stats

YearHostAnswer% Correct
2022QatarArgentina
100%
1978ArgentinaArgentina
100%
1986MexicoArgentina
100%
2002Japan & South KoreaBrazil
100%
1958SwedenBrazil
100%
1962ChileBrazil
100%
1994USABrazil
100%
1970MexicoBrazil
100%
2014BrazilGermany
100%
2006GermanyItaly
100%
1982SpainItaly
100%
1938FranceItaly
100%
1934ItalyItaly
100%
2010South AfricaSpain
97%
1998FranceFrance
95%
2018RussiaFrance
95%
1950BrazilUruguay
95%
1930UruguayUruguay
95%
1966EnglandEngland
84%
1974West GermanyWest Germany
66%
1990ItalyWest Germany
66%
1954SwitzerlandWest Germany
66%

Score Distribution

Percentile by Number Answered

Percent of People with Each Score

Your Score History

You have not taken this quiz